000 00643nam a2200229Ia 4500
003 OSt
005 20221005130022.0
006 a|||||r|||| 00| 0
007 ta
008 221004b |||||||| |||| 00| 0 eng d
024 _a63355
037 _cTextual
040 _aCRL
_cCRL
_beng
041 _2eng
_aeng
082 _aV236:74g, C9
100 _aGriffin
_9350131
245 0 _aPunjab chiefs and massy's Chiefs and families of note in the Punjab
_b Revised pedigree tables of the families mentioned.
260 _c1899
650 _aHISTORY
942 _hV236:74g, C9
_cTEXL
_2cc
999 _c1055798
_d1055798